Organizational capabilities and the economic history of the industrial enterprise.
Komplexnosť a význam definovania podniku a jeho úlohy a funkcií v modernej ekonomike. Funkcia podniku ako väzby medzi tokom tovaru a služieb a cenovým mechanizmom. Význam organizačných schopností pre chod podniku. Tvorba základne pre organizačné vzdelávanie. Organizačné vzdelávanie a tvorba nových p...
Guardado en:
| Autor principal: | |
|---|---|
| Formato: | Capítulo de libro |
| Lenguaje: | inglés |
| Materias: | |
| Etiquetas: |
Sin Etiquetas, Sea el primero en etiquetar este registro!
|
MARC
| LEADER | 00000naa a2200000 4500 | ||
|---|---|---|---|
| 001 | r010283 | ||
| 005 | 20220913122439.7 | ||
| 041 | 0 | |a eng | |
| 044 | |a US | ||
| 245 | 1 | 0 | |a Organizational capabilities and the economic history of the industrial enterprise. |c A.D. Chandler |
| 520 | |a Komplexnosť a význam definovania podniku a jeho úlohy a funkcií v modernej ekonomike. Funkcia podniku ako väzby medzi tokom tovaru a služieb a cenovým mechanizmom. Význam organizačných schopností pre chod podniku. Tvorba základne pre organizačné vzdelávanie. Organizačné vzdelávanie a tvorba nových priemyselných odvetví. | ||
| 610 | 2 | 0 | |a podnik priemyselný |
| 610 | 2 | 0 | |a mikroekonomika |
| 610 | 2 | 0 | |a história |
| 610 | 2 | 0 | |a organizácia podniku |
| 610 | 2 | 0 | |a funkcie podniku |
| 610 | 2 | 0 | |a tok tovaru |
| 610 | 2 | 0 | |a služby |
| 610 | 2 | 0 | |a ceny |
| 610 | 2 | 0 | |a vzdelávanie mimoškolské |
| 610 | 2 | 0 | |a odvetvia priemyselné |
| 100 | 1 | |a Chandler, A.D. | |